1326 1763 1576 1522 1769 1120 1512 1067 1431 1012 1530 1765 1995 1939 1480 1835 1710 1330 1715 1838 1426 1250 1517 1060 1077 1173 2000 1962 1834 1500 1227 1119 1933 1223 1302 1129 1018 1668 1698 1484 1802 1383 1596 1795 1244 1744 1628 1408 1313 1207 1692 1344 1717 1246 1741 1189 1387 1344 1917 1413 1432 1632 1019 1621 1672 1949 1166 1074 1306 1297 1050 1589 1058 1421 1071 1135 1991 1565 1809 1343 1014 1845 1586 1063 1240 1938 1847 1729 1461 1880 1985 1036 1784 1986 1787 1072 1622 1982 1836 BCNSPRNW ULIB Ver.6.0+V

เปลี่ยนเป็นภาษาไทย

Change to English
 แสดงรายละเอียดบรรณานุกรม
  กลับหน้าหลัก

Brief Record : Get Marc (ISO 2709) : E-mail record : QR code < ปิดหน้าต่าง
LEADER : 00000nam 2200000uu 4500
001    13399120143
003     ULIB
008    120905s2553||||th 000 0 tha d
020    ^a9786111100617
060 04 ^aWY152^bอ373ก
100 0  ^aอรวรรณ แผนคง
245 10 ^aการพยาบาลผู้สูงอายุ /^cอรวรรณ แผนคง
250    ^aพิมพ์ครั้งที่ 2
260    ^aนนทบุรี :^bโครงการสวัสดิการวิชาการ สถาบันพระบรมราชชนก,^c2553
300    ^a147 หน้า ;^c26 ซม.
650  7 ^aการพยาบาลผู้สูงอายุ
650  7 ^aเวชศาสตร์วัยชรา
650  7 ^aผู้สูงอายุ^xการดูแล
710 2  ^aสถาบันพระบรมราชชนก. ^bโครงการสวัสดิการวิชาการ
945    ^p230^l0^i032683
945    ^p230^l0^i032684
945    ^p230^l0^i032685
995    ^aทศพร
999    ^aทศพร
รายการนี้ยังไม่มีแท็ก
คุณยังไม่ได้ล็อกอิน คุณสามารถมีกิจกรรมร่วมกับเว็บไซต์ได้ แต่ต้องล็อกอินก่อน ::
  ล็อกอิน

รายการสื่อสารสนเทศ

ลำดับที่ ประเภท เลขเรียก/บาร์โค้ด สถานที่ สถานะ
1. Book การพยาบาล
หนังสือสำรอง
สถานะ=หนังสือสำรอง
WY152 อ373ก ฉ.1 
  Barcode: 032683
ห้องสมุดวิทยาเขตสวรรค์ประชารักษ์
►ส่วนจัดเก็บหนังสือเก่า สปร
ถูกยืม กำหนดส่งวันที่ 21 เมษายน 2567
  จอง
2. Book การพยาบาล
Book การพยาบาล
WY152 อ373ก ฉ.2 
  Barcode: 032684
ห้องสมุดวิทยาเขตสวรรค์ประชารักษ์
►ส่วนจัดเก็บหนังสือเก่า สปร
บนชั้น
  ขอยืม
3. Book การพยาบาล
Book การพยาบาล
WY152 อ373ก ฉ.3 
  Barcode: 032685
ห้องสมุดวิทยาเขตสวรรค์ประชารักษ์
►ส่วนจัดเก็บหนังสือเก่า สปร
บนชั้น
  ขอยืม

รายการใกล้เคียง
    ผู้แต่ง [อรวรรณ แผนคง]

    หัวเรื่อง [การพยาบาลผู้สูงอายุ]
    หัวเรื่อง [เวชศาสตร์วัยชรา]
    หัวเรื่อง [ผู้สูงอายุ การดูแล]

BibComment


ยังไม่เคยถูกคอมเมนท์

คอมเมนท์ทรัพยากรรายการนี้
  คอมเมนท์: การพยาบาลผู้สูงอ..


 Copyright 2026. Bcnsprnw @Library